000
00220nam a2200097Ia 4500
008
170619s9999 xx 000 0 und d
100
_a
Tompkins- James
245
0
_a
Facilities Planning
260
_b
Wiley-India
260
_c
2009
546
_a
ENGLISH
999
_c
20533
_d
20533